000 01170nas a2200325 4500
001 BR2015004782
003 BR-BrBNA
005 20231205125644.0
007 ta
008 230509b bl.|||p| |||| 00| 00por d
040 _aBR-BrBNA
_bpor
_cBiblioteca Nacional de Agricultura
041 _a(Pt)
072 _aQ54
100 1 _aNascimento, T. do
100 1 _aFerraz, A.C. de. O.
100 1 _aBiagi, J.D.
245 1 _aEfeito do lignossulfonato de cálcio e magnésio na resistência mecânica e consumo de energia na fabricação de alimento extrusado para cães
246 1 _aEffect of calcium and magnesium lignosulfonate in the mechanical resistance and energy consumption during processing of dog extruded food
650 _aCAO
650 _aNUTRICAO ANIMAL
650 _aRACAO
650 _aCOMPOSICAO DE ALIMENTO
650 _aRESISTENCIA
650 _aPROCESSAMENTO
650 _aENERGIA ELETRICA
773 0 _tEngenharia Agrícola (Brazil)
_xISSN 1809-4430
_g(May-Jun 2014), v. 34(3) p. 530-541
_wBR2015004782
856 4 0 _uhttp://www.scielo.br/pdf/eagri/v34n3/16.pdf
909 _a202311
_bLúcia
_c55
_dLúcia Elande
942 _2AGRIS
_n0
_cANA
999 _c245412
_d245412